<?xml version="1.0" encoding="UTF-8"?>
<record
    xmlns:xsi="http://www.w3.org/2001/XMLSchema-instance"
    xsi:schemaLocation="http://www.loc.gov/MARC21/slim http://www.loc.gov/standards/marcxml/schema/MARC21slim.xsd"
    xmlns="http://www.loc.gov/MARC21/slim">

  <leader>01002nam a22002297a 4500</leader>
  <controlfield tag="005">20240530121800.0</controlfield>
  <controlfield tag="008">231109b           ||||| |||| 00| 0 eng d</controlfield>
  <datafield tag="040" ind1=" " ind2=" ">
    <subfield code="c">AL</subfield>
  </datafield>
  <datafield tag="041" ind1=" " ind2=" ">
    <subfield code="a">Konkani/Devnagari</subfield>
  </datafield>
  <datafield tag="082" ind1=" " ind2=" ">
    <subfield code="2">23</subfield>
    <subfield code="a">891.462</subfield>
    <subfield code="b">SERD</subfield>
  </datafield>
  <datafield tag="100" ind1=" " ind2=" ">
    <subfield code="a">Ronald Serrao</subfield>
    <subfield code="9">168623</subfield>
  </datafield>
  <datafield tag="100" ind1=" " ind2=" ">
    <subfield code="9">141375</subfield>
    <subfield code="d"> &#x930;&#x94B;&#x928;&#x93E;&#x932;&#x94D;&#x921; &#x938;&#x947;&#x930;&#x93E;&#x935;&#x94B; </subfield>
  </datafield>
  <datafield tag="245" ind1=" " ind2=" ">
    <subfield code="a">Daniel ani Esther Rani: Dharmik Natakam</subfield>
    <subfield code="b">&#x926;&#x93E;&#x928;&#x93F;&#x92F;&#x947;&#x932; &#x906;&#x928;&#x940; &#x90F;&#x938;&#x94D;&#x924;&#x947;&#x930; &#x930;&#x93E;&#x923;&#x940;: &#x927;&#x930;&#x94D;&#x92E;&#x93F;&#x915; &#x928;&#x93E;&#x91F;&#x915;&#x93E;&#x902; </subfield>
  </datafield>
  <datafield tag="260" ind1=" " ind2=" ">
    <subfield code="a">Goa</subfield>
    <subfield code="b">Ashawadi Prakashan</subfield>
    <subfield code="c">2023</subfield>
  </datafield>
  <datafield tag="300" ind1=" " ind2=" ">
    <subfield code="a">125p.</subfield>
    <subfield code="b">PB</subfield>
    <subfield code="c">21x14cm.</subfield>
  </datafield>
  <datafield tag="365" ind1=" " ind2=" ">
    <subfield code="2">Konkani</subfield>
    <subfield code="a">23/K007</subfield>
    <subfield code="b">160.00</subfield>
    <subfield code="c">&#x20B9;</subfield>
    <subfield code="d">200.00</subfield>
    <subfield code="e">20%</subfield>
    <subfield code="f">03-11-2023</subfield>
  </datafield>
  <datafield tag="650" ind1=" " ind2=" ">
    <subfield code="a">Konkani Drama: &#x915;&#x94B;&#x902;&#x915;&#x923;&#x940; &#x928;&#x93E;&#x91F;&#x915; </subfield>
    <subfield code="9">141327</subfield>
  </datafield>
  <datafield tag="650" ind1=" " ind2=" ">
    <subfield code="a">Konkani Literature: &#x915;&#x94B;&#x902;&#x915;&#x923;&#x940; &#x938;&#x93E;&#x939;&#x93F;&#x924;&#x94D;&#x92F; </subfield>
    <subfield code="9">141328</subfield>
  </datafield>
  <datafield tag="700" ind1=" " ind2=" ">
    <subfield code="a">SERAVO (Ronald): &#x938;&#x947;&#x930;&#x93E;&#x935;&#x94B; (&#x930;&#x94B;&#x928;&#x93E;&#x932;&#x94D;&#x921;)</subfield>
    <subfield code="9">141329</subfield>
  </datafield>
  <datafield tag="700" ind1=" " ind2=" ">
    <subfield code="a">QUADROS (Valley): &#x915;&#x94D;&#x935;&#x93E;&#x921;&#x94D;&#x930;&#x94B;&#x938; (&#x935;&#x932;&#x94D;&#x932;&#x940;) Ed</subfield>
    <subfield code="9">141330</subfield>
  </datafield>
  <datafield tag="942" ind1=" " ind2=" ">
    <subfield code="2">ddc</subfield>
    <subfield code="c">BK</subfield>
  </datafield>
  <datafield tag="999" ind1=" " ind2=" ">
    <subfield code="c">229162</subfield>
    <subfield code="d">229162</subfield>
  </datafield>
  <datafield tag="952" ind1=" " ind2=" ">
    <subfield code="0">0</subfield>
    <subfield code="1">0</subfield>
    <subfield code="2">ddc</subfield>
    <subfield code="4">0</subfield>
    <subfield code="7">0</subfield>
    <subfield code="8">KON</subfield>
    <subfield code="a">AL</subfield>
    <subfield code="b">AL</subfield>
    <subfield code="d">2023-11-07</subfield>
    <subfield code="e">Ashawadi Prakashana, Maharastra</subfield>
    <subfield code="g">160.00</subfield>
    <subfield code="l">0</subfield>
    <subfield code="o">891.462 SERD</subfield>
    <subfield code="p">076879</subfield>
    <subfield code="r">2023-11-09 00:00:00</subfield>
    <subfield code="v">200.00</subfield>
    <subfield code="w">2023-11-09</subfield>
    <subfield code="y">BK</subfield>
  </datafield>
  <datafield tag="952" ind1=" " ind2=" ">
    <subfield code="0">0</subfield>
    <subfield code="1">0</subfield>
    <subfield code="2">ddc</subfield>
    <subfield code="4">0</subfield>
    <subfield code="7">0</subfield>
    <subfield code="8">KON</subfield>
    <subfield code="a">AL</subfield>
    <subfield code="b">AL</subfield>
    <subfield code="d">2023-11-07</subfield>
    <subfield code="e">Ashawadi Prakasahan, Maharastra</subfield>
    <subfield code="g">160.00</subfield>
    <subfield code="l">0</subfield>
    <subfield code="o">891.462 SERD</subfield>
    <subfield code="p">076880</subfield>
    <subfield code="r">2023-11-09 00:00:00</subfield>
    <subfield code="v">200.00</subfield>
    <subfield code="w">2023-11-09</subfield>
    <subfield code="y">BK</subfield>
  </datafield>
</record>
